000 00598nam a22001937a 4500
003 OSt
008 251202b |||||||| |||| 00| 0 eng d
082 _a595.77
_bS15M
100 _aSanjeet Kumar
245 _aMorphology and Infestation Pattern of Capsule Fly, Acanthiophilus Helianthi (Rossi) (Diptera : Tephritidae) on Corn Flower, Centaurea Cyanus Linnaeus
260 _a.- Pusa, Samastipur
_b: RAU
_c, 2007
300 _a46p.
650 _aEntomology and Agricultural Zoology
650 _aCorn Flower
650 _aCapsule Fly
650 _aThesis
650 _aM. Sc.
942 _2ddc
_cT
999 _c49280
_d49280